000 01099cam a22002174a 4500
005 20250605164124.0
008 250528s ||||||||||||||||||||||||d
035 _a18375
020 _a672315157
040 _aGR-AtMCL
_bgre
_dGR-AtMCL
_eAACR2
245 1 _aSams Teach Yourself C++ in 21 Days / Third Edition
250 _a3rd
260 _c1999
300 _a886
520 _aMaster the basics and then move on to the more advanced features and concepts of C++ Programming. Overview, Introduction, Getting Started, The Parts of a C++ Program, Variables and Constants, Expressions and Statements, Functions, Basic Classes, More Program Flow, Pointers, References, Advanced Functions, Inheritance, Arrays and Linked Lists, Polymorphism, Special Classes and Functions, Advanced Inheritance, Strems, Namespaces, Object-oriented Analysis and Design, Templates, Exceptions and Error Handling, What's Next, Operator Precedence, C++ Keywords, Binary and Hexadecimal, Index.
700 1 _aLiberty Jesse
_94647
700 1 _aSams Net
_91544
942 _cBK
999 _c3737
_d3737